[Event "Olimpiade 2022 - Open"]
[Site "Chennai"]
[Date "03.08.2022"]
[Round "6.32"]
[Board "1"]
[White "Ferreira, Jorge Viterbo"]
[Black "Cu Hor, Winston Darwin"]
[Result "1-0"]
[WhiteTitle "GM"]
[BlackTitle "FM"]
[WhiteElo "2499"]
[BlackElo "2328"]
[WhiteTeam "Portugal"]
[BlackTeam "Guatemala"]
[WhiteFideId "1910850"]
[BlackFideId "7300662"]
[EventDate "2022.07.29"]

1. c4 c5 2. g3 g6 3. Bg2 Bg7 4. Nc3 Nc6 5. a3 a5 6. d3 d6 7. Rb1 e5 8. e3 Nge7
9. Nge2 O-O 10. O-O Be6 11. Nd5 f5 12. Nec3 Bf7 13. Nxe7+ Qxe7 14. Nd5 Qd8 15.
b4 cxb4 16. axb4 a4 17. Ba3 Ne7 18. Nc3 d5 19. c5 d4 20. exd4 exd4 21. Nb5 Bd5
22. Nd6 Bxg2 23. Kxg2 Nd5 24. Qf3 Nc3 25. Nxb7 Qc7 26. b5 Rab8 27. Nd6 f4 28. g4
Rf6 29. b6 Qd8 30. Rbe1 Rxd6 31. cxd6 Qxb6 32. d7 Qb5 33. Qxf4 1-0

[Event "Olimpiade 2022 - Open"]
[Site "Chennai"]
[Date "03.08.2022"]
[Round "6.32"]
[Board "2"]
[White "Juarez Flores, Carlos A."]
[Black "Sousa, Andre Ventura"]
[Result "0-1"]
[WhiteTitle "IM"]
[BlackTitle "IM"]
[WhiteElo "2335"]
[BlackElo "2420"]
[WhiteTeam "Guatemala"]
[BlackTeam "Portugal"]
[WhiteFideId "7300018"]
[BlackFideId "1917617"]
[EventDate "2022.07.29"]

1. Nf3 c5 2. g3 g6 3. Bg2 Bg7 4. d4 cxd4 5. Nxd4 Nc6 6. Nb3 Nf6 7. c4 a5 8. Nd4
O-O 9. O-O Ne5 10. Na3 d6 11. h3 Qb6 12. b3 Nfd7 13. Be3 Nc5 14. Nab5 Bd7 15.
Rc1 Bc6 16. f3 Ned7 17. Qd2 d5 18. Na3 Qb4 19. Ndc2 Qxd2 20. Bxd2 d4 21. f4 Bxg2
22. Kxg2 Ne4 23. Rcd1 Ndc5 24. Nb5 Rfd8 25. Bc1 Ne6 26. Ba3 Kf8 27. f5 gxf5 28.
Rxf5 a4 29. Rd5 axb3 30. axb3 Nc3 31. Nxc3 dxc3 32. e3 Ke8 33. h4 b6 34. Kf3
Rdc8 35. Rb5 Ra6 36. g4 Nc5 37. Rd5 Nd7 38. Rg5 Bf6 39. Rg8+ Nf8 40. g5 Rd8 41.
gxf6 0-1

[Event "Olimpiade 2022 - Open"]
[Site "Chennai"]
[Date "03.08.2022"]
[Round "6.32"]
[Board "3"]
[White "Veiga, Jose Francisco R P Neves"]
[Black "Lorenzana, Wilson Estuardo"]
[Result "1-0"]
[WhiteTitle "IM"]
[BlackTitle "IM"]
[WhiteElo "2378"]
[BlackElo "2182"]
[WhiteTeam "Portugal"]
[BlackTeam "Guatemala"]
[WhiteFideId "1930087"]
[BlackFideId "7300239"]
[EventDate "2022.07.29"]

1. d4 Nf6 2. Nf3 d6 3. c4 Nbd7 4. Nc3 g6 5. e4 e5 6. d5 Nc5 7. Qc2 a5 8. h3 Nh5
9. Be3 Bg7 10. O-O-O O-O 11. g4 Nf4 12. Ne2 Qe7 13. Rg1 Bd7 14. Nxf4 exf4 15.
Bxc5 dxc5 16. e5 Bxe5 17. Re1 f6 18. Bd3 Qg7 19. Nxe5 fxe5 20. Qc3 Rae8 21. Re2
Qh6 22. Bc2 f3+ 23. Re3 Qxh3 24. Qxa5 Qh2 25. Qe1 Qf4 26. Kb1 e4 27. g5 Re5 28.
Ka1 Rfe8 29. a3 b6 30. Bb1 Bg4 31. Qd1 Qxg5 32. d6 cxd6 33. Qxd6 Qh4 34. Rg3 Bf5
35. Rgxf3 exf3 36. Rxe5 Rxe5 37. Qb8+ Kf7 38. Qxe5 Qh1 39. Qc7+ Kg8 40. Qb8+ Kg7
41. Qe5+ Kh6 1-0

[Event "Olimpiade 2022 - Open"]
[Site "Chennai"]
[Date "03.08.2022"]
[Round "6.32"]
[Board "4"]
[White "Giron Chavez, David Emanuel"]
[Black "Santos, Jose Guilherme B Lima"]
[Result "0-1"]
[BlackTitle "FM"]
[WhiteElo "2115"]
[BlackElo "2361"]
[WhiteTeam "Guatemala"]
[BlackTeam "Portugal"]
[WhiteFideId "7300697"]
[BlackFideId "1939300"]
[EventDate "2022.07.29"]

1. e4 c5 2. Nf3 e6 3. d4 cxd4 4. Nxd4 a6 5. c4 Nf6 6. Nc3 Qc7 7. a3 b6 8. Be3
Bb7 9. f3 d6 10. Be2 Be7 11. O-O O-O 12. Qd2 Nbd7 13. Rfc1 Rfc8 14. a4 Rab8 15.
Kh1 Qd8 16. Nd1 Qf8 17. b3 Ne5 18. a5 bxa5 19. Qxa5 Ng6 20. Qd2 h5 21. Rcb1 d5
22. exd5 exd5 23. Nf5 Bb4 24. Qb2 dxc4 25. Bxc4 Bd5 26. Bxd5 Nxd5 27. Bd4 Qe8
28. Nxg7 Qe1+ 29. Bg1 Nc3 30. Nf5 Qe5 31. Bd4 Qe1+ 32. Bg1 Qe5 33. Nh6+ Kg7 0-1

[Event "Olimpiade 2022 - Open"]
[Site "Chennai"]
[Date "03.08.2022"]
[Round "6.33"]
[Board "1"]
[White "Keinanen, Toivo"]
[Black "Sanchez Alvarez, Roberto Carlos"]
[Result "1/2-1/2"]
[WhiteTitle "IM"]
[BlackTitle "IM"]
[WhiteElo "2477"]
[BlackElo "2431"]
[WhiteTeam "Finland"]
[BlackTeam "Panama"]
[WhiteFideId "509825"]
[BlackFideId "3508684"]
[EventDate "2022.07.29"]

1. e4 c6 2. d4 d5 3. e5 Bf5 4. Nf3 e6 5. Be2 c5 6. O-O Nc6 7. Nbd2 cxd4 8. Nb3
Nge7 9. Nbxd4 Bg4 10. Be3 Bxf3 11. Nxf3 Nf5 12. Bd4 Nfxd4 13. Nxd4 Qb6 14. Bb5
a6 15. Bxc6+ bxc6 16. c4 Bc5 17. Nb3 Be7 18. Qg4 O-O 19. Rac1 a5 20. Rc2 a4 21.
Nd2 Bc5 22. Nf3 Rfd8 23. Rfc1 Ra5 24. h4 h6 25. h5 Bf8 26. cxd5 cxd5 27. Qd4 Rb5
28. Qxa4 Rxb2 29. Rxb2 Qxb2 30. Rc2 Qb1+ 31. Kh2 d4 32. Rd2 d3 33. Qd1 Qb5 34.
a4 Qd5 35. Qb1 Qe4 36. Rd1 Bb4 37. Kg1 Qe2 38. Rf1 d2 39. Qd1 Qd3 40. g3 Rc8 41.
Kg2 Rc1 42. Qxc1 dxc1=Q 43. Rxc1 Qa6 44. g4 Qxa4 45. Rc4 Qb5 46. Re4 Be7 47. Nd4
Qd5 48. f3 1/2-1/2

[Event "Olimpiade 2022 - Open"]
[Site "Chennai"]
[Date "03.08.2022"]
[Round "6.33"]
[Board "2"]
[White "Tapia Ostolaza, Alexei"]
[Black "Sklyarov, Dmitry V."]
[Result "0-1"]
[WhiteTitle "FM"]
[BlackTitle "IM"]
[WhiteElo "2201"]
[BlackElo "2474"]
[WhiteTeam "Panama"]
[BlackTeam "Finland"]
[WhiteFideId "6600581"]
[BlackFideId "4157052"]
[EventDate "2022.07.29"]

1. Nf3 g6 2. g3 Bg7 3. d4 c5 4. d5 d6 5. Bg2 Nf6 6. Nc3 b5 7. a3 Bb7 8. Nh4 b4
9. Nb1 Nbd7 10. O-O O-O 11. e4 Qc7 12. Nd2 a5 13. Re1 Nb6 14. Nhf3 Nfd7 15. Rb1
bxa3 16. c4 axb2 17. Bxb2 Rfb8 18. Bxg7 Kxg7 19. Qb3 Bc8 20. Qc3+ f6 21. Ra1 Nf8
22. h4 Nbd7 23. Nh2 a4 24. f4 Qa5 25. Qe3 a3 26. e5 fxe5 27. Ndf3 a2 28. fxe5
Nxe5 29. Nxe5 Bf5 30. Nc6 Qxe1+ 31. Rxe1 Rb1 32. Qxe7+ Kg8 33. Rxb1 axb1=Q+ 34.
Nf1 Qb2 35. Ne3 Bd7 36. Qg5 Re8 37. Ng4 Bxg4 38. Qxg4 Qc1+ 39. Kh2 h5 40. Qf3
Qxc4 41. Qf6 Qe2 42. Qxd6 Qb2 43. Qxc5 Re2 44. Qg1 Nd7 45. Kh3 Nf6 46. Qa7 Qb1
47. Ne7+ Kf8 48. d6 Re1 49. Qf2 Kg7 50. Nd5 Rh1+ 51. Bxh1 Qxh1+ 52. Qh2 Qxd5 0-1

[Event "Olimpiade 2022 - Open"]
[Site "Chennai"]
[Date "03.08.2022"]
[Round "6.33"]
[Board "3"]
[White "Sipila, Vilka"]
[Black "Delgado Rosas, Alex Antonio"]
[Result "1-0"]
[WhiteTitle "IM"]
[BlackTitle "CM"]
[WhiteElo "2416"]
[BlackElo "2149"]
[WhiteTeam "Finland"]
[BlackTeam "Panama"]
[WhiteFideId "505455"]
[BlackFideId "6602150"]
[EventDate "2022.07.29"]

1. c4 e6 2. g3 Nf6 3. Bg2 d5 4. d4 Bb4+ 5. Nd2 O-O 6. Nf3 b6 7. O-O Bb7 8. b3
Re8 9. Bb2 Bf8 10. Qc2 Nbd7 11. Rfd1 Rc8 12. Rac1 c5 13. Qb1 Rc7 14. cxd5 Bxd5
15. dxc5 Rxc5 16. Nc4 Qa8 17. Bd4 Rc6 18. Nce5 Nxe5 19. Bxe5 Be4 20. Qb2 Rxc1
21. Qxc1 Rd8 22. Bxf6 Rxd1+ 23. Qxd1 gxf6 24. Qd4 f5 25. Ne1 Bc5 26. Qd2 a5 27.
Bf3 Bb4 28. Qg5+ Kf8 29. Nd3 Bxf3 30. exf3 Be7 31. Qe3 Qd5 32. Kg2 Bf6 33. Nf4
Qd4 34. Qe2 1-0

[Event "Olimpiade 2022 - Open"]
[Site "Chennai"]
[Date "03.08.2022"]
[Round "6.33"]
[Board "4"]
[White "Leon Archibaldo, Orlando Andres"]
[Black "Nyysti, Sampsa"]
[Result "0-1"]
[WhiteTitle "FM"]
[BlackTitle "IM"]
[WhiteElo "2193"]
[BlackElo "2363"]
[WhiteTeam "Panama"]
[BlackTeam "Finland"]
[WhiteFideId "6600913"]
[BlackFideId "502138"]
[EventDate "2022.07.29"]

1. d4 Nf6 2. Nc3 d5 3. Bf4 a6 4. e3 e6 5. Nf3 c5 6. Bd3 Nc6 7. O-O c4 8. Be2 b5
9. Ne5 Bb7 10. a3 Bd6 11. Bg3 O-O 12. f4 Ne7 13. Bf2 Ne4 14. Nxe4 dxe4 15. h3
Qc7 16. c3 Bd5 17. Qd2 f6 18. Ng4 Qc6 19. Bd1 a5 20. Be1 Nf5 21. Nh2 g6 22. g4
Ne7 23. Bc2 Rf7 24. Qg2 h6 25. Rf2 Rg7 26. Nf1 Rf8 27. Nd2 f5 28. g5 hxg5 29.
Qxg5 Kf7 30. Nf1 Rh8 31. Rh2 Ng8 32. Bd1 Be7 33. Qg2 g5 34. fxg5 Bxg5 35. Bg3
Nf6 36. Qf2 Bh4 37. Kh1 Bxg3 38. Nxg3 Qc7 39. Nf1 f4 40. Be2 f3 41. Bd1 Rhg8 0-1

[Event "Olimpiade 2022 - Open"]
[Site "Chennai"]
[Date "03.08.2022"]
[Round "6.34"]
[Board "1"]
[White "Abdulwahhab, Ahmed Abdulsattar A"]
[Black "Tin, Jingyao"]
[Result "0-1"]
[WhiteTitle "FM"]
[BlackTitle "IM"]
[WhiteElo "2251"]
[BlackElo "2552"]
[WhiteTeam "Iraq"]
[BlackTeam "Singapore"]
[WhiteFideId "4801849"]
[BlackFideId "5804418"]
[EventDate "2022.07.29"]

1. e4 e5 2. Nf3 Nc6 3. Bb5 a6 4. Ba4 Nf6 5. O-O b5 6. Bb3 Bc5 7. a4 Rb8 8. c3 d6
9. d4 Bb6 10. axb5 axb5 11. Na3 Ba6 12. Re1 O-O 13. Bg5 h6 14. Bh4 Re8 15. Bd5
Na7 16. Nc2 Bc8 17. dxe5 dxe5 18. Nxe5 Be6 19. Nc6 Nxc6 20. Bxc6 Qxd1 21. Raxd1
Red8 22. Nd4 g5 23. Nxe6 fxe6 24. Bg3 Kf7 25. b4 Nh5 26. Be5 Nf4 27. Bxb5 Ng6
28. Bg3 h5 29. h3 h4 30. Bh2 Nf4 31. Bxf4 gxf4 32. Kf1 c5 33. Bc6 cxb4 34. cxb4
Rbc8 35. b5 Kf6 36. e5+ Kf5 37. Be4+ Kg5 38. Rd6 Rxd6 39. exd6 Rc5 40. Bc6 Kf6
41. Rd1 Rc2 42. d7 Bd8 43. Rd4 e5 44. Rd6+ Kf7 45. Rh6 Rd2 46. Rh8 Bb6 47. Ke1
Rd4 48. Rxh4 Ba5+ 49. Ke2 f3+ 50. Bxf3 Rxh4 51. Bg4 Rh8 52. Kd3 Ke7 53. Ke4 Bc7
54. Kd5 Rh6 55. g3 Rb6 56. Kc5 Rd6 57. f3 Bb6+ 58. Kc4 Bf2 59. f4 e4 60. Bf5 e3 0-1

[Event "Olimpiade 2022 - Open"]
[Site "Chennai"]
[Date "03.08.2022"]
[Round "6.34"]
[Board "2"]
[White "Siddharth, Jagadeesh"]
[Black "Salih, Akar Ali Salih"]
[Result "1/2-1/2"]
[WhiteTitle "IM"]
[BlackTitle "FM"]
[WhiteElo "2426"]
[BlackElo "2243"]
[WhiteTeam "Singapore"]
[BlackTeam "Iraq"]
[WhiteFideId "5818320"]
[BlackFideId "4800575"]
[EventDate "2022.07.29"]

1. d4 Nf6 2. c4 g6 3. Nc3 Bg7 4. e4 d6 5. Be2 O-O 6. Be3 e5 7. d5 a5 8. h4 Na6
9. h5 Nc5 10. Qc2 Ng4 11. Bxg4 Bxg4 12. f3 Bd7 13. g4 g5 14. h6 Bf6 15. O-O-O b6
16. Qd2 Be7 17. Bxc5 bxc5 18. a4 Kh8 19. Nb5 Rg8 20. Ne2 Rg6 21. Rh3 Bf8 22. Kb1
Be7 23. Qc3 Qb8 24. Ng3 Qb6 25. Qe3 Rb8 26. Rd3 Rb7 27. Rb3 Qa6 28. Qd2 Bd8 29.
Ne2 Rb6 30. Nc1 Qa8 31. Qc3 Ra6 32. Nd3 f6 33. Nf2 Qc8 34. Qd2 Be7 35. Nd1 Ra8
36. Ne3 Rg8 37. Nf5 Bf8 38. Ng7 Bxg7 39. hxg7+ Rxg7 40. Rc3 Qd8 41. Rc1 Be8 42.
Rh6 Kg8 43. Rch1 Bg6 44. R1h2 Qd7 45. Ka2 Qe7 1/2-1/2

[Event "Olimpiade 2022 - Open"]
[Site "Chennai"]
[Date "03.08.2022"]
[Round "6.34"]
[Board "3"]
[White "Ahmed, Ali Layth Ahmed"]
[Black "Gong, Qianyun"]
[Result "0-1"]
[WhiteTitle "FM"]
[BlackTitle "WGM"]
[WhiteElo "2249"]
[BlackElo "2275"]
[WhiteTeam "Iraq"]
[BlackTeam "Singapore"]
[WhiteFideId "4801920"]
[BlackFideId "8602425"]
[EventDate "2022.07.29"]

1. d4 d5 2. c4 c6 3. Nf3 Nf6 4. e3 e6 5. b3 Ne4 6. Bd3 Bb4+ 7. Nbd2 Nd7 8. O-O
f5 9. Bb2 Qf6 10. Bxe4 fxe4 11. Ne5 Nxe5 12. dxe5 Qh6 13. a3 Be7 14. Qe2 O-O 15.
Rad1 b6 16. f3 exf3 17. gxf3 Bb7 18. cxd5 exd5 19. Kh1 c5 20. Rg1 Bg5 21. Nf1 d4
22. e4 Rae8 23. Ng3 Rxe5 24. Bc1 Bxc1 25. Rxc1 Qf4 26. Rcf1 h5 27. Qg2 Rg5 28.
Qf2 h4 29. Nf5 Rfxf5 30. exf5 Rxf5 31. Rg6 Bxf3+ 0-1

[Event "Olimpiade 2022 - Open"]
[Site "Chennai"]
[Date "03.08.2022"]
[Round "6.34"]
[Board "4"]
[White "Wong, Zhenyong Jayden"]
[Black "Mohammed, Zozek Salah Mohammed"]
[Result "1/2-1/2"]
[WhiteTitle "CM"]
[BlackTitle "FM"]
[WhiteElo "2163"]
[BlackElo "2232"]
[WhiteTeam "Singapore"]
[BlackTeam "Iraq"]
[WhiteFideId "5821975"]
[BlackFideId "4803361"]
[EventDate "2022.07.29"]

1. d4 d5 2. c4 e6 3. Nf3 Nf6 4. g3 Be7 5. Bg2 O-O 6. O-O dxc4 7. Qc2 a6 8. a4
Nbd7 9. Nbd2 c5 10. Nxc4 cxd4 11. Rd1 Nd5 12. Rxd4 Qc7 13. e4 Nb4 14. Qb3 e5 15.
Rd1 a5 16. Be3 Ra6 17. Rd2 Rc6 18. Bf1 Nc5 19. Qd1 Nxe4 20. Nfxe5 Nxd2 21. Nxc6
Nxf1 22. Nxe7+ Qxe7 23. Qxf1 Nc2 24. Rc1 Nxe3 25. Nxe3 Bd7 26. Rc7 Qd6 27. Rxb7
Qc6 28. Ra7 Rc8 29. Rxa5 Qe4 30. h4 Bc6 31. Kh2 Rb8 32. Qg2 Qe8 33. Nd5 Kh8 34.
Rc5 Rxb2 35. Nf6 Bxg2 36. Nxe8 Rxf2 37. Kg1 Ra2 38. Rc8 g6 39. g4 Bh3 40. Ra8 h6
41. Nf6+ Kg7 42. Ne8+ Kf8 43. Nf6+ Ke7 44. Ng8+ Ke6 45. Re8+ Kd5 46. Re3 Bxg4
47. Nf6+ Kc6 48. Nxg4 Rxa4 49. Nxh6 Rxh4 50. Nxf7 1/2-1/2

[Event "Olimpiade 2022 - Open"]
[Site "Chennai"]
[Date "03.08.2022"]
[Round "6.35"]
[Board "1"]
[White "Karimov, Alisher"]
[Black "Henderson de La Fuente, Lance"]
[Result "0-1"]
[WhiteTitle "FM"]
[BlackTitle "GM"]
[WhiteElo "2234"]
[BlackElo "2490"]
[WhiteTeam "Tajikistan"]
[BlackTeam "Andorra"]
[WhiteFideId "14700280"]
[BlackFideId "32096585"]
[EventDate "2022.07.29"]

1. d4 d5 2. c4 e6 3. Nc3 c6 4. e3 Nf6 5. Nf3 Nbd7 6. Be2 dxc4 7. a4 Bb4 8. Bxc4
O-O 9. O-O b6 10. Qe2 c5 11. Na2 Bb7 12. Ne5 a5 13. Nxb4 cxb4 14. Bb5 Nxe5 15.
dxe5 Ne4 16. Qg4 Qc7 17. f3 Nc5 18. Qg3 Nb3 19. Rb1 Qc5 20. Qf2 Qxe5 21. e4 Nc5
22. Be3 Rac8 23. Rbc1 Rfd8 24. Rfd1 Rxd1+ 25. Rxd1 h6 26. Qg3 Qxg3 27. hxg3 Bc6
28. Rd6 Bxb5 29. axb5 a4 30. Rxb6 a3 31. bxa3 b3 32. Rd6 b2 33. Rd1 Na4 34. Rb1
Rc3 35. Kf2 Rc2+ 36. Ke1 Nc3 37. b6 Nxb1 38. b7 Nc3 0-1

[Event "Olimpiade 2022 - Open"]
[Site "Chennai"]
[Date "03.08.2022"]
[Round "6.35"]
[Board "2"]
[White "Fluvia Poyatos, Jordi"]
[Black "Khusenkhojaev, Mustafokhuja"]
[Result "1-0"]
[WhiteTitle "IM"]
[WhiteElo "2451"]
[BlackElo "2238"]
[WhiteTeam "Andorra"]
[BlackTeam "Tajikistan"]
[WhiteFideId "2214334"]
[BlackFideId "14700727"]
[EventDate "2022.07.29"]

1. e4 e5 2. Nf3 Nc6 3. d4 exd4 4. Nxd4 Nf6 5. Nxc6 bxc6 6. Bd3 d5 7. exd5 cxd5
8. O-O Be7 9. c4 O-O 10. Nc3 d4 11. Ne4 Ng4 12. Bf4 f5 13. Ng3 g5 14. Bd2 Ne5
15. Qe2 Nxd3 16. Qxd3 f4 17. Ne4 c5 18. a3 a5 19. b4 axb4 20. axb4 Rxa1 21. Rxa1
cxb4 22. Ra7 Bf5 23. c5 Kh8 24. Bxb4 Re8 25. f3 g4 26. Qc4 gxf3 27. Ba5 Qc8 28.
Qxd4+ Kg8 29. Bc3 f2+ 30. Kf1 Kf7 31. Qf6+ 1-0

[Event "Olimpiade 2022 - Open"]
[Site "Chennai"]
[Date "03.08.2022"]
[Round "6.35"]
[Board "3"]
[White "Sharifov, Mekhriddin"]
[Black "De La Riva Aguado, Oscar"]
[Result "0-1"]
[BlackTitle "GM"]
[WhiteElo "2097"]
[BlackElo "2424"]
[WhiteTeam "Tajikistan"]
[BlackTeam "Andorra"]
[WhiteFideId "14701545"]
[BlackFideId "6900224"]
[EventDate "2022.07.29"]

1. e4 c5 2. Nf3 Nc6 3. d4 cxd4 4. Nxd4 e6 5. Nc3 Qc7 6. Be3 a6 7. Qd2 Nf6 8. f3
Be7 9. O-O-O b5 10. g4 Nxd4 11. Bxd4 Bb7 12. Kb1 O-O 13. Bd3 b4 14. Ne2 e5 15.
Bf2 d5 16. Ng3 dxe4 17. fxe4 Nxg4 18. h4 Nxf2 19. Qxf2 Kh8 20. Qe2 Rac8 21. Rdf1
a5 22. Qg4 Rcd8 23. h5 h6 24. Rh2 Bg5 25. Nf5 a4 26. Rhf2 Bc8 27. Qe2 Be6 28.
Ne3 Qc5 29. Nd5 a3 30. Bc4 Qd4 31. c3 bxc3 0-1

[Event "Olimpiade 2022 - Open"]
[Site "Chennai"]
[Date "03.08.2022"]
[Round "6.36"]
[Board "1"]
[White "Murphy, Conor E"]
[Black "Lee, Jun Hyeok"]
[Result "1-0"]
[WhiteTitle "IM"]
[BlackTitle "IM"]
[WhiteElo "2404"]
[BlackElo "2390"]
[WhiteTeam "Ireland"]
[BlackTeam "South Korea"]
[WhiteFideId "421669"]
[BlackFideId "13202340"]
[EventDate "2022.07.29"]

1. e4 c5 2. Nf3 e6 3. d4 cxd4 4. Nxd4 a6 5. c4 Nf6 6. Nc3 d6 7. Be2 Be7 8. Be3
b6 9. O-O Bb7 10. f3 O-O 11. Rc1 Nbd7 12. a3 Qc7 13. b4 Rac8 14. Qd2 Qb8 15. Kh1
Rfe8 16. Rc2 h5 17. Bf2 Bf8 18. Rb1 Qa8 19. Na4 d5 20. exd5 exd5 21. c5 bxc5 22.
bxc5 Bxc5 23. Nxc5 Nxc5 24. Nf5 Nce4 25. fxe4 Nxe4 26. Qd4 Nxf2+ 27. Kg1 f6 28.
Rcb2 1-0

[Event "Olimpiade 2022 - Open"]
[Site "Chennai"]
[Date "03.08.2022"]
[Round "6.36"]
[Board "2"]
[White "Kwon, Sehyun"]
[Black "O'Gorman, Tom"]
[Result "1-0"]
[WhiteTitle "CM"]
[BlackTitle "FM"]
[WhiteElo "2225"]
[BlackElo "2401"]
[WhiteTeam "South Korea"]
[BlackTeam "Ireland"]
[WhiteFideId "13203088"]
[BlackFideId "2508249"]
[EventDate "2022.07.29"]

1. e4 c5 2. Nc3 d6 3. d4 cxd4 4. Qxd4 Nc6 5. Qd2 g6 6. b3 Bh6 7. f4 f5 8. Bb2
Nf6 9. O-O-O Rf8 10. exf5 Bxf5 11. g3 Qa5 12. Nf3 O-O-O 13. Bd3 Bg4 14. Be2 e5
15. Kb1 d5 16. Ng5 Bxe2 17. Qxe2 d4 18. Nce4 Nxe4 19. Qg4+ Kb8 20. Nxe4 exf4 21.
Qh4 Qh5 22. Qxh5 gxh5 23. Bc1 Rde8 24. Nc5 Rg8 25. Nd7+ Kc8 26. Nf6 h4 27. Nxg8
Rxg8 28. Bxf4 Bxf4 29. gxf4 Rg2 30. Rhg1 Rf2 31. Rgf1 Rxh2 32. Rh1 Rf2 33. Rxh4
h5 34. a3 Kc7 35. Kc1 Kb6 36. Rd2 Rf1+ 37. Kb2 Rf3 38. Rg2 Ka6 39. Rg5 Rf2 40.
Rd5 Kb6 41. Rd7 Ka6 42. b4 Kb6 43. Rxh5 Rxf4 44. Rhh7 Ne5 45. Rxb7+ Kc6 46. Rxa7
Rf3 47. Ra6+ Kd5 48. Ra5+ Ke4 49. Re7 1-0

[Event "Olimpiade 2022 - Open"]
[Site "Chennai"]
[Date "03.08.2022"]
[Round "6.36"]
[Board "3"]
[White "Kanyamarala, Tarun"]
[Black "Ahn, Hongjin"]
[Result "1-0"]
[WhiteTitle "FM"]
[BlackTitle "IM"]
[WhiteElo "2379"]
[BlackElo "2303"]
[WhiteTeam "Ireland"]
[BlackTeam "South Korea"]
[WhiteFideId "45004714"]
[BlackFideId "13201492"]
[EventDate "2022.07.29"]

1. d4 d5 2. c4 e6 3. Nf3 a6 4. g3 dxc4 5. Bg2 b5 6. Ne5 c6 7. O-O Nf6 8. b3 cxb3
9. Nxc6 Qb6 10. Na5 Ra7 11. Nxb3 Rd7 12. e4 Be7 13. Be3 O-O 14. N1d2 Ba3 15. Qe2
Qd8 16. Nb1 Bb4 17. a3 Be7 18. a4 Rb7 19. axb5 Rxb5 20. N1d2 Bb7 21. Rfb1 Nc6
22. Nc4 Bb4 23. Na3 Bxa3 24. Rxa3 Ne7 25. Bd2 Qb6 26. Ba5 Qc6 27. Re1 Qd7 28.
Bc3 Nc6 29. Rea1 Rc8 30. Qe1 Qe7 31. Qd2 Rd8 32. f3 h5 33. Bf1 Rb6 34. Qf2 Qc7
35. Na5 Nb4 36. Qd2 Qe7 37. Rb3 Ba8 38. Bxb4 Qc7 39. Bc5 Rxb3 40. Nxb3 h4 41.
Qa5 Qd7 42. Bxa6 hxg3 43. hxg3 Rb8 44. Bc4 Kh7 45. Qa7 Qe8 46. Qe7 Qg8 47. Ra7
Kg6 48. Qc7 Nh7 49. Nd2 Ng5 50. f4 Nxe4 51. Bd3 f5 52. Nxe4 Bxe4 53. Qe7 Bf3 54.
Qg5+ Kh7 55. Qh4+ Kg6 56. g4 Rb7 57. Qh5+ Kf6 58. g5# 1-0

[Event "Olimpiade 2022 - Open"]
[Site "Chennai"]
[Date "03.08.2022"]
[Round "6.36"]
[Board "4"]
[White "Kim, Changhoon"]
[Black "Heidenfeld, Mark"]
[Result "0-1"]
[WhiteTitle "CM"]
[BlackTitle "IM"]
[WhiteElo "1827"]
[BlackElo "2355"]
[WhiteTeam "South Korea"]
[BlackTeam "Ireland"]
[WhiteFideId "34117234"]
[BlackFideId "2500990"]
[EventDate "2022.07.29"]

1. Nf3 Nf6 2. c4 d6 3. d4 g6 4. g3 Bg7 5. Bg2 O-O 6. O-O c6 7. Nc3 Qa5 8. e4 Qh5
9. e5 dxe5 10. Nxe5 Qxd1 11. Rxd1 Rd8 12. Bf4 Nbd7 13. Rac1 Nh5 14. Be3 Nxe5 15.
dxe5 Be6 16. f4 f6 17. exf6 Rxd1+ 18. Nxd1 Bxf6 19. b3 Ng7 20. Nc3 Nf5 21. Bf2
Bxc3 22. Rxc3 Rd8 23. Be3 Rd1+ 24. Kf2 Kf7 25. Rc2 Nxe3 26. Kxe3 Bf5 27. Rd2
Re1+ 28. Kd4 h5 29. Bf3 Kf6 30. c5 Rf1 31. Bg2 Ra1 32. Bf3 a5 33. Bg2 g5 34.
fxg5+ Kxg5 35. Bf3 Rf1 36. Ke3 Rc1 37. Kd4 Bg6 38. Rf2 Bb1 39. h4+ Kg6 40. Rb2
Rf1 41. Ke3 Bf5 42. Rf2 Re1+ 43. Re2 Rc1 44. Kd4 e6 45. Rf2 Rg1 46. Rg2 Rf1 47.
Be2 Re1 48. Rf2 e5+ 49. Kc3 Be4 50. g4 hxg4 51. Bxg4 Rc1+ 52. Kd2 Rxc5 53. Ke3
Bb1 54. Bd1 Rc3+ 55. Kd2 Rh3 56. Rg2+ Kf6 57. Rf2+ Ke7 58. Kc1 Bg6 59. Rg2 Bf7
60. Rg4 b5 61. Bc2 Kf6 62. Be4 c5 63. Bc6 b4 64. Bd7 Rh1+ 65. Kb2 Rh2+ 66. Ka1
Bg6 67. a4 Bf7 68. Rg3 Rxh4 0-1

[Event "Olimpiade 2022 - Open"]
[Site "Chennai"]
[Date "03.08.2022"]
[Round "6.37"]
[Board "1"]
[White "Bagheri, Amir"]
[Black "Petkov, Momchil"]
[Result "1/2-1/2"]
[WhiteTitle "GM"]
[BlackTitle "IM"]
[WhiteElo "2375"]
[BlackElo "2510"]
[WhiteTeam "Monaco"]
[BlackTeam "Bulgaria"]
[WhiteFideId "12500283"]
[BlackFideId "2921642"]
[EventDate "2022.07.29"]

1. d4 Nf6 2. Nf3 d5 3. Bf4 e6 4. e3 c5 5. Nbd2 Nc6 6. c3 cxd4 7. exd4 Nh5 8. Be3
Bd6 9. Ne5 Nf6 10. f4 Qb6 11. Qb3 Ng8 12. Qxb6 axb6 13. Bd3 Nge7 14. g3 f6 15.
Nef3 h6 16. h4 h5 17. O-O Bd7 18. Rfe1 Kf7 19. Re2 Nf5 20. Bf2 Nce7 21. a3 Nh6
22. Rae1 Ng4 23. Nf1 Nf5 24. Kg2 Bf8 25. Bxf5 exf5 26. Ne3 Nxe3+ 27. Rxe3 Ba4
28. Re6 Ra6 29. Nd2 Bd7 30. R6e3 Bd6 31. Nf3 Ba4 32. Rc1 Raa8 33. Ng1 Rhg8 34.
Be1 Rae8 35. Rxe8 Kxe8 36. Bd2 Kd7 37. Re1 Bc2 38. Kf2 Be4 39. Ne2 Kc6 40. Nc1
Kb5 41. Be3 Ka4 42. Rg1 Rh8 43. Rd1 Rh6 44. Rd2 Kb5 45. b3 Bxa3 46. Ra2 Bd6 47.
Ra8 Kc6 48. Rg8 Rh7 49. Ke2 Kd7 50. Kd2 Ke6 51. Re8+ Kf7 52. Rd8 Ke7 53. Rg8 g6
54. Ne2 Bc7 55. Rc8 Bd6 56. Rg8 b5 57. b4 b6 58. Ra8 Bc7 59. Ra7 Kd7 60. Ra8 Rg7
61. Ke1 Bd3 62. Kf2 Re7 63. Rg8 Ke6 64. Ng1 Bd6 65. Ra8 Rb7 66. Nf3 Bb8 67. Bd2
Kd7 68. Ne1 Be4 69. Nf3 Kc8 70. Ng1 Re7 71. Nf3 Kb7 72. Ra2 Bd6 73. Ra3 Re8 74.
Ng1 Bd3 75. Ra1 Bc7 76. Kg2 Bd8 77. Re1 Be4+ 78. Kf2 Rg8 79. Nh3 Bc7 80. Ra1 Bd6
81. Be3 Re8 82. Ra3 Bd3 83. Ra1 Rc8 84. Bd2 Re8 1/2-1/2